[Event "Los Angeles Metropolitan 6th"]
[Site "Los Angeles"]
[Date "2011.06.05"]
[Round "8"]
[White "Amanov, Zhanibek"]
[Black "Steinfl, Alessandro"]
[Result "1-0"]
[WhiteElo "2364"]
[BlackElo "2176"]
[PlyCount "47"]
[EventDate "2011.06.01"]
[EventType "tourn"]
[EventRounds "9"]
[EventCountry "USA"]
[EventCategory "3"]
[SourceTitle "CBM 142 Extra"]
[Source "ChessBase"]
[SourceDate "2011.06.27"]
[SourceVersion "1"]
[SourceVersionDate "2011.06.27"]
[SourceQuality "1"]

1. e4 d5 2. exd5 Qxd5 3. Nc3 Qa5 4. d4 Nf6 5. Nf3 Bf5 6. Bc4 e6 7. Bd2 c6 8. Qe2 Bb4 9. Ne5 Nbd7 10. Nxd7 Nxd7 11. a3 0-0-0 12. 0-0 Bxc3 13. Bxc3 Qc7 14. b4 h5 15. Bb3 h4 16. a4 Rh6 17. f3 Rg6 18. Rf2 Rh8 19. Bd2 Qd6 20. c3 Rh5 21. Rd1 Rg3 22. c4 Qxd4 23. Be3 Qc3 24. Qd2 1-0

[Event "Los Angeles Metropolitan 6th"]
[Site "Los Angeles"]
[Date "2011.06.02"]
[Round "3"]
[White "Banawa, Joel Cholo"]
[Black "Steinfl, Alessandro"]
[Result "1-0"]
[WhiteElo "2399"]
[BlackElo "2176"]
[PlyCount "61"]
[EventDate "2011.06.01"]
[EventType "tourn"]
[EventRounds "9"]
[EventCountry "USA"]
[EventCategory "3"]
[SourceTitle "CBM 142 Extra"]
[Source "ChessBase"]
[SourceDate "2011.06.27"]
[SourceVersion "1"]
[SourceVersionDate "2011.06.27"]
[SourceQuality "1"]

1. c4 f5 2. g3 Nf6 3. Bg2 g6 4. Nc3 Bg7 5. d3 0-0 6. e3 e5 7. Nge2 d6 8. 0-0 c6 9. e4 Be6 10. b3 d5 11. exd5 cxd5 12. Bg5 dxc4 13. Bxb7 cxd3 14. Bxa8 dxe2 15. Qxe2 e4 16. Rad1 Qa5 17. Bxf6 Bxf6 18. Bd5 Qxc3 19. Bxe6+ Kh8 20. Qc4 Qxc4 21. Bxc4 Nc6 22. Rd6 Ne5 23. Rfd1 a5 24. Ra6 Nf3+ 25. Kg2 Bc3 26. Rd7 Ne5 27. Rc7 Bd4 28. Rd6 Bb2 29. h3 Ra8 30. Re6 Nxc4 31. bxc4 1-0

[Event "Los Angeles Metropolitan 4th"]
[Site "Los Angeles"]
[Date "2011.04.09"]
[Round "7"]
[White "Matikozian, Andranik"]
[Black "Steinfl, Alessandro"]
[Result "1-0"]
[WhiteElo "2476"]
[BlackElo "2212"]
[PlyCount "41"]
[EventDate "2011.04.06"]
[EventType "tourn"]
[EventRounds "9"]
[EventCountry "USA"]
[EventCategory "2"]
[SourceTitle "CBM 141 Extra"]
[Source "ChessBase"]
[SourceDate "2011.05.03"]
[SourceVersion "1"]
[SourceVersionDate "2011.05.03"]
[SourceQuality "1"]

1. e4 e5 2. Nf3 Nc6 3. Bc4 Bc5 4. b4 Bxb4 5. c3 Ba5 6. d4 exd4 7. Qb3 Qe7 8. 0-0 d6 9. cxd4 Bd7 10. d5 Ne5 11. Nxe5 dxe5 12. Qxb7 Rd8 13. Ba3 Qf6 14. d6 cxd6 15. Qxa7 d5 16. Qxa5 dxc4 17. Nd2 Ne7 18. Nxc4 0-0 19. Qxe5 Qxe5 20. Nxe5 Rfe8 21. Rfd1 1-0

[Event "Los Angeles Metropolitan 4th"]
[Site "Los Angeles"]
[Date "2011.04.08"]
[Round "4"]
[White "Steinfl, Alessandro"]
[Black "Yankovsky, Roman"]
[Result "0-1"]
[WhiteElo "2212"]
[BlackElo "2381"]
[PlyCount "58"]
[EventDate "2011.04.06"]
[EventType "tourn"]
[EventRounds "9"]
[EventCountry "USA"]
[EventCategory "2"]
[SourceTitle "CBM 141 Extra"]
[Source "ChessBase"]
[SourceDate "2011.05.03"]
[SourceVersion "1"]
[SourceVersionDate "2011.05.03"]
[SourceQuality "1"]

1. d4 e6 2. Nf3 Nf6 3. c4 c5 4. d5 b5 5. Bg5 exd5 6. cxd5 d6 7. e4 a6 8. a4 Be7 9. Nbd2 Nxd5 10. exd5 Bxg5 11. axb5 0-0 12. Be2 Bb7 13. 0-0 axb5 14. Rxa8 Bxa8 15. Ne4 Bf6 16. Bxb5 Bxb2 17. Qb3 Bf6 18. Qa2 Bb7 19. Rb1 Bc8 20. Bd3 Bg4 21. Nfd2 Be5 22. h3 Bf5 23. Nxc5 Bxh3 24. Nce4 Bg4 25. Nc4 Nd7 26. Ne3 Bh5 27. Qc2 Bg6 28. Rb7 f5 29. Nd2 Nc5 0-1

[Event "Los Angeles Quon Memorial"]
[Site "Los Angeles"]
[Date "2011.01.20"]
[Round "2"]
[White "Adamson, Robby"]
[Black "Steinfl, Alessandro"]
[Result "0-1"]
[WhiteElo "2349"]
[BlackElo "2209"]
[PlyCount "60"]
[EventDate "2011.01.19"]
[EventType "tourn"]
[EventRounds "9"]
[EventCountry "USA"]
[EventCategory "7"]
[SourceTitle "EXT 2012"]
[Source "ChessBase"]
[SourceDate "2011.11.24"]
[SourceVersion "1"]
[SourceVersionDate "2011.11.24"]
[SourceQuality "1"]

1. e4 d5 2. exd5 Qxd5 3. Nc3 Qa5 4. d4 Nf6 5. Nf3 Bf5 6. Bd2 c6 7. Bc4 e6 8. Nd5 Qd8 9. Nxf6+ gxf6 10. Bb3 Nd7 11. Qe2 Qc7 12. 0-0-0 0-0-0 13. Nh4 Bg6 14. g3 Kb8 15. Ng2 e5 16. dxe5 fxe5 17. Rhe1 f6 18. f4 Bd6 19. fxe5 Bxe5 20. Be3 Rhe8 21. Qf2 c5 22. Bc4 b5 23. Bd3 Qa5 24. Bxg6 Qxa2 25. Bxe8 Bxb2+ 26. Kd2 Ne5+ 27. Ke2 Qc4+ 28. Rd3 Rxd3 29. Kf1 Rxe3+ 30. Re2 Rf3 0-1

[Event "Los Angeles Quon Memorial"]
[Site "Los Angeles"]
[Date "2011.01.19"]
[Round "1"]
[White "Steinfl, Alessandro"]
[Black "Bojkov, Dejan"]
[Result "0-1"]
[WhiteElo "2209"]
[BlackElo "2544"]
[PlyCount "100"]
[EventDate "2011.01.19"]
[EventType "tourn"]
[EventRounds "9"]
[EventCountry "USA"]
[EventCategory "7"]
[SourceTitle "EXT 2012"]
[Source "ChessBase"]
[SourceDate "2011.11.24"]
[SourceVersion "1"]
[SourceVersionDate "2011.11.24"]
[SourceQuality "1"]

1. d4 Nf6 2. c4 g6 3. Nc3 Bg7 4. e4 d6 5. f4 0-0 6. Nf3 c5 7. d5 e6 8. dxe6 fxe6 9. Bd3 Nc6 10. 0-0 Nd4 11. Ng5 e5 12. f5 h6 13. Nh3 gxf5 14. exf5 b5 15. Qe1 bxc4 16. Bxc4+ d5 17. Nxd5 Nxd5 18. Qe4 Bb7 19. f6 Rxf6 20. Rxf6 Bxf6 21. Bxh6 Kh8 22. Rf1 Qd6 23. Bd3 Qe7 24. Rxf6 Nf4 25. Rxf4 Bxe4 26. Rxe4 Rg8 27. Bf4 Rg7 28. Bg3 Qd6 29. Rh4+ Kg8 30. Bc4+ Ne6 31. Kh1 Kf8 32. Rh6 Qd1+ 33. Ng1 Rxg3 34. hxg3 Nd4 35. b3 a5 36. Rf6+ Kg7 37. Rf1 Qd2 38. a4 Qe3 39. Nf3 e4 40. Ne5 Qh6+ 41. Kg1 Qe3+ 42. Kh2 Qh6+ 43. Kg1 Qe3+ 44. Kh2 Qc3 45. Rf7+ Kh6 46. g4 Kg5 47. Rf8 e3 48. Nf7+ Kxg4 49. Nd6 e2 50. Rg8+ Kf4 0-1

[Event "Southern California-ch cand"]
[Site "Garden Grove"]
[Date "2009.06.21"]
[Round "3"]
[White "Steinfl, Alessandro"]
[Black "Casella, Michael"]
[Result "1-0"]
[WhiteElo "2200"]
[BlackElo "2284"]
[PlyCount "81"]
[EventDate "2009.06.20"]
[EventType "swiss"]
[EventRounds "4"]
[EventCountry "USA"]
[SourceTitle "EXT 2014"]
[Source "ChessBase"]
[SourceDate "2013.11.20"]
[SourceVersion "1"]
[SourceVersionDate "2013.11.20"]
[SourceQuality "1"]

1. e4 e5 2. Nf3 Nc6 3. d4 exd4 4. Bc4 Nf6 5. e5 d5 6. Bb5 Ne4 7. Nxd4 Bd7 8. Bxc6 bxc6 9. 0-0 Bc5 10. f3 Ng5 11. f4 Ne4 12. Be3 Bb6 13. Nc3 Nxc3 14. bxc3 0-0 15. Qd2 Qe7 16. Nb3 f6 17. Rae1 fxe5 18. fxe5 Rxf1+ 19. Kxf1 Qxe5 20. Bxb6 Qxh2 21. Bc5 Bf5 22. Nd4 Be4 23. Qf2 Re8 24. Nf3 Qh1+ 25. Qg1 Qh5 26. Kf2 Re6 27. Qh2 Qf7 28. Rb1 h6 29. Rb8+ Kh7 30. Rf8 Qg6 31. Nd4 Rf6+ 32. Rxf6 Qxf6+ 33. Ke2 a6 34. Qg3 Qf7 35. Qg4 Bg6 36. Qf3 Bh5 37. g4 Qe8+ 38. Kd2 Bg6 39. Nf5 Qf7 40. Nh4 d4 41. cxd4 1-0

[Event "Las Vegas National op"]
[Site "Las Vegas"]
[Date "2007.06.09"]
[Round "4"]
[White "Vigorito, David"]
[Black "Steinfl, Alessandro"]
[Result "1-0"]
[WhiteElo "2358"]
[BlackElo "2263"]
[PlyCount "181"]
[EventDate "2007.06.08"]
[EventType "swiss"]
[EventRounds "6"]
[EventCountry "USA"]
[SourceTitle "CBM 118 Extra"]
[Source "ChessBase"]
[SourceDate "2007.07.04"]
[SourceVersion "1"]
[SourceVersionDate "2007.07.04"]
[SourceQuality "1"]

1. d4 d5 2. c4 Nc6 3. cxd5 Qxd5 4. e3 e5 5. Nc3 Bb4 6. Bd2 Bxc3 7. Bxc3 exd4 8. Ne2 Nf6 9. Nxd4 0-0 10. Nb5 Qxd1+ 11. Rxd1 Ne8 12. Bc4 a6 13. Nd4 Nd6 14. Nxc6 Nxc4 15. Ne7+ Kh8 16. b3 Nb6 17. Be5 c6 18. Bc7 Nd5 19. Nxd5 cxd5 20. Rxd5 Be6 21. Rc5 Rac8 22. Ke2 Rfd8 23. Rhc1 Rd5 24. R5c3 Bd7 25. f3 Bb5+ 26. Ke1 Bc6 27. Bb6 Re8 28. R1c2 Re6 29. Kf2 Red6 30. Bd4 f6 31. Rc5 Kg8 32. g4 Kf7 33. a4 Rxc5 34. Rxc5 Rd5 35. Rc4 Ke6 36. e4 Rd8 37. Ke3 Kd6 38. h4 Rd7 39. h5 Ke6 40. Rc5 g6 41. g5 fxg5 42. Rxg5 Kf7 43. Rg1 Rd6 44. Be5 Rd7 45. hxg6+ hxg6 46. Rh1 Ke6 47. Bd4 Rd8 48. Rh6 Rg8 49. f4 Kf7 50. Rh7+ Ke6 51. Bc5 Kf6 52. Be7+ Ke6 53. Bg5 Kd6 54. Kd4 Bd7 55. Be7+ Ke6 56. Bh4 Kd6 57. a5 Bc6 58. Be7+ Ke6 59. Bg5 Bd7 60. Kc5 Rc8+ 61. Kb6 Bc6 62. Re7+ Kd6 63. e5+ Kd5 64. Rg7 Re8 65. Rxg6 Re6 66. Rg8 Ke4 67. Ka7 Bd5 68. Rb8 Bxb3 69. Rxb7 Bc4 70. Rb4 Kd5 71. Bd8 Re8 72. Bc7 Bd3 73. Bd6 Rg8 74. Rb7 Rg1 75. Bb8 Ke6 76. Rb6+ Kd5 77. Rd6+ Kc4 78. e6 Re1 79. Kxa6 Bf5 80. Kb6 Bxe6 81. a6 Bd5 82. a7 Ba8 83. f5 Rf1 84. f6 Rf5 85. Kc7 Kc5 86. Kd7 Rf3 87. Ke7 Re3+ 88. Re6 Rh3 89. f7 Rh7 90. Rf6 Bd5 91. Rf5 1-0

[Event "IECG CM.2007.0.00312 email"]
[Site "IECG email"]
[Date "2007.03.25"]
[Round "?"]
[White "Miras Garcia, Eduardo"]
[Black "Steinfl, Alessandro"]
[Result "1-0"]
[WhiteElo "2239"]
[BlackElo "2263"]
[PlyCount "187"]
[EventDate "2007.03.25"]
[EventType "tourn (corr)"]
[EventRounds "6"]
[SourceTitle "Corr 2024"]
[Source "ChessBase"]
[SourceDate "2023.10.19"]
[SourceVersion "1"]
[SourceVersionDate "2023.10.19"]
[SourceQuality "1"]

1. d4 Nf6 2. c4 g6 3. Nc3 Bg7 4. e4 d6 5. Nf3 0-0 6. Be2 e5 7. 0-0 Nc6 8. d5 Ne7 9. Nd2 a5 10. a3 Nd7 11. Rb1 f5 12. b4 Kh8 13. f3 axb4 14. axb4 c6 15. Kh1 Nf6 16. Nb3 cxd5 17. cxd5 Nh5 18. Na5 f4 19. Qe1 Ng8 20. Ra1 Rb8 21. Qf2 Bf6 22. g4 fxg3 23. hxg3 Bd7 24. Qh2 Rc8 25. Ra3 Bg5 26. Nxb7 Qf6 27. f4 exf4 28. Bxh5 gxh5 29. Bb2 fxg3 30. Rxf6 gxh2 31. Rxf8 Rxf8 32. Nb5+ Nf6 33. N5xd6 Kg8 34. Bxf6 Bxf6 35. Nc4 Bd4 36. Rg3+ Bg4 37. d6 Rf2 38. b5 Kf8 39. Nba5 Re2 40. b6 Bf2 41. Rd3 Bh4 42. Re3 Rxe3 43. Nxe3 Bf3+ 44. Kxh2 Bxe4 45. Nec4 Bf6 46. b7 Bxb7 47. Nxb7 Ke8 48. Nb6 Be5+ 49. Kh3 Bxd6 50. Nxd6+ Ke7 51. Ndc4 h4 52. Ne3 Kd6 53. Nf5+ Kc6 54. Na4 h5 55. Nxh4 Kd5 56. Kg2 Ke4 57. Kg3 Ke3 58. Nb2 Ke4 59. Nd1 Kd4 60. Kf4 Kd5 61. Ke3 Kc5 62. Nf2 Kd5 63. Nd3 Kd6 64. Ke4 Ke6 65. Nf4+ Kd6 66. Kd4 Kc6 67. Ke5 Kc5 68. Nd3+ Kc4 69. Ke4 Kc3 70. Ne5 Kb4 71. Kd5 Kb3 72. Kd4 Kb4 73. Nc6+ Kb5 74. Kd5 Kb6 75. Nd4 Kb7 76. Nb5 Kb6 77. Nd6 Ka5 78. Kc5 Ka4 79. Ne4 Kb3 80. Kb5 Ka3 81. Kc4 Kb2 82. Nc5 Kc2 83. Nb3 Kb2 84. Nd4 Ka2 85. Kc3 Ka3 86. Nb3 Ka4 87. Kc4 Ka3 88. Nc5 Kb2 89. Kd3 Kc1 90. Na4 Kb1 91. Kd2 Ka2 92. Kc3 Kb1 93. Nb2 Kc1 94. Nf3 1-0

[Event "IECG CM.2007.0.00312 email"]
[Site "IECG email"]
[Date "2007.03.25"]
[Round "?"]
[White "Steinfl, Alessandro"]
[Black "Fuhrwerk, Klaus"]
[Result "0-1"]
[WhiteElo "2263"]
[BlackElo "2261"]
[PlyCount "98"]
[EventDate "2007.03.25"]
[EventType "tourn (corr)"]
[EventRounds "6"]
[SourceTitle "Corr 2024"]
[Source "ChessBase"]
[SourceDate "2023.10.19"]
[SourceVersion "1"]
[SourceVersionDate "2023.10.19"]
[SourceQuality "1"]

1. c4 c6 2. g3 d5 3. Bg2 Nf6 4. Nf3 dxc4 5. Qc2 Qd5 6. Nc3 Qh5 7. b3 cxb3 8. Qxb3 e5 9. Ba3 Bxa3 10. Qxa3 e4 11. Nxe4 Nxe4 12. Qe3 0-0 13. Qxe4 Nd7 14. 0-0 Nf6 15. Qe5 Qxe5 16. Nxe5 Rd8 17. Rfd1 Nd5 18. Rab1 Nb6 19. d4 f6 20. Nf3 Be6 21. a3 Rab8 22. e4 Rd7 23. h3 Bf7 24. Bf1 Re8 25. Re1 Bg6 26. Bd3 Rde7 27. Rb2 Bxe4 28. Rbe2 f5 29. Ng5 h6 30. Nxe4 fxe4 31. Rxe4 Rxe4 32. Bxe4 Kf8 33. Re3 Nc4 34. Rf3+ Ke7 35. Bg6 Rf8 36. Rb3 b5 37. f3 Rd8 38. Be4 Kd6 39. a4 a6 40. axb5 cxb5 41. Kf2 Kc7 42. Rd3 a5 43. Ke2 b4 44. d5 Kd6 45. Rb3 Rb8 46. Kd3 Kc5 47. Rb1 b3 48. Kc3 a4 49. Bd3 Ne3 0-1

[Event "Continental op 45'"]
[Site "Los Angeles"]
[Date "2000.07.28"]
[Round "5"]
[White "Harmon, Clark R"]
[Black "Steinfl, Alessandro"]
[Result "0-1"]
[WhiteElo "2166"]
[BlackElo "2281"]
[PlyCount "32"]
[EventDate "2000.07.24"]
[EventType "swiss"]
[EventRounds "9"]
[EventCountry "USA"]
[SourceTitle "EXT 2001"]
[Source "ChessBase"]
[SourceDate "2000.11.22"]
[SourceVersion "1"]
[SourceVersionDate "2000.11.22"]
[SourceQuality "1"]

1. d4 c5 2. dxc5 e6 3. Nc3 Bxc5 4. Ne4 d5 5. Nxc5 Qa5+ 6. Bd2 Qxc5 7. Nf3 Nc6 8. a3 Nf6 9. b4 Qb6 10. e3 0-0 11. c4 dxc4 12. Bxc4 e5 13. Qb3 e4 14. Ng5 Ne5 15. Bd5 Nd3+ 16. Kf1 Nxd5 0-1

[Event "ITA-chT UISP 18th"]
[Site "Montecatini Terme"]
[Date "1997.12.??"]
[Round "7"]
[White "Lucaroni, Massimiliano"]
[Black "Steinfl, Alessandro"]
[Result "1-0"]
[WhiteElo "2280"]
[BlackElo "2270"]
[PlyCount "57"]
[EventDate "1997.12.??"]
[EventType "team-tourn"]
[EventRounds "8"]
[EventCountry "ITA"]
[SourceTitle "EXT 2024"]
[Source "ChessBase"]
[SourceDate "2023.10.10"]
[SourceVersion "1"]
[SourceVersionDate "2023.10.10"]
[SourceQuality "1"]

1. e4 c5 2. Nc3 Nc6 3. Nf3 e5 4. Bc4 Be7 5. d3 Nf6 6. Nd2 d6 7. Nf1 0-0 8. Ne3 Rb8 9. a4 a6 10. 0-0 Nd4 11. Ncd5 b5 12. axb5 axb5 13. Ba2 Nxd5 14. Bxd5 b4 15. c3 Nb5 16. Bd2 bxc3 17. bxc3 Bg5 18. Qb3 Bd7 19. Rfb1 Qc7 20. Qa2 g6 21. h3 Bf4 22. Nc4 Bxd2 23. Qxd2 Kg7 24. Rb3 f5 25. exf5 Rxf5 26. Rab1 h6 27. Na3 Nxa3 28. Rxb8 Nxb1 29. Rg8+ 1-0

[Event "Vitinia op 9th"]
[Site "Vitinia"]
[Date "1997.??.??"]
[Round "5"]
[White "Steinfl, Alessandro"]
[Black "Ferretti, Folco"]
[Result "0-1"]
[WhiteElo "2240"]
[BlackElo "2255"]
[PlyCount "66"]
[EventDate "1997.??.??"]
[EventType "swiss"]
[EventRounds "8"]
[EventCountry "ITA"]
[SourceTitle "EXT 2000"]
[Source "ChessBase"]
[SourceDate "1999.11.16"]
[SourceVersion "1"]
[SourceVersionDate "1999.11.16"]
[SourceQuality "1"]

1. d4 d5 2. Bg5 h6 3. Bh4 c6 4. Nf3 Qb6 5. Qc1 g5 6. Bg3 g4 7. Ne5 Qxd4 8. c3 Qb6 9. e4 Nf6 10. exd5 cxd5 11. Bd3 Bg7 12. 0-0 Nh5 13. Re1 Nxg3 14. hxg3 Nc6 15. Nxc6 bxc6 16. a4 a5 17. Na3 e5 18. c4 0-0 19. cxd5 cxd5 20. Nb5 Bb7 21. Bf5 Bc8 22. Bb1 Bd7 23. Nc3 d4 24. Nd5 Qd6 25. Qc2 Rfc8 26. Qh7+ Kf8 27. Ba2 Be6 28. Qe4 Rab8 29. Re2 Rc5 30. b4 axb4 31. Nxb4 Rxb4 32. Bxe6 Qxe6 33. Qa8+ Qc8 0-1

[Event "Rome op2"]
[Site "Rome"]
[Date "1997.??.??"]
[Round "7"]
[White "Steinfl, Alessandro"]
[Black "Marzano, Carlo"]
[Result "1-0"]
[WhiteElo "2240"]
[BlackElo "2175"]
[PlyCount "127"]
[EventDate "1997.??.??"]
[EventType "swiss"]
[EventRounds "7"]
[EventCountry "ITA"]
[SourceTitle "EXT 2000"]
[Source "ChessBase"]
[SourceDate "1999.11.16"]
[SourceVersion "1"]
[SourceVersionDate "1999.11.16"]
[SourceQuality "1"]

1. d4 d5 2. Bg5 h6 3. Bh4 c6 4. e3 Qb6 5. b3 e5 6. c3 Nd7 7. Nf3 Bd6 8. Be2 e4 9. Nfd2 Ne7 10. Bxe7 Bxe7 11. 0-0 0-0 12. c4 f5 13. Nc3 Nf6 14. Rb1 Qa5 15. Qc2 Bb4 16. Rfc1 Ba3 17. Rd1 Bb4 18. Na4 Bd6 19. a3 Qc7 20. Nf1 Qf7 21. b4 f4 22. exf4 Bxf4 23. g3 Bd6 24. Ne3 Kh8 25. b5 Nh7 26. Rf1 Ng5 27. bxc6 bxc6 28. cxd5 Bh3 29. Qxc6 Bxf1 30. Rxf1 Bxa3 31. Nc5 Rac8 32. Qb5 Nf3+ 33. Bxf3 Qxf3 34. Ne6 Rf7 35. Qa6 Rc3 36. Nf4 Bc1 37. Ng6+ Kh7 38. Ne5 Qf6 39. d6 Bxe3 40. Nxf7 Qxf7 41. fxe3 Qe6 42. Qa5 Rxe3 43. Qf5+ Qxf5 44. Rxf5 Rb3 45. d7 Rb8 46. Ra5 Rd8 47. Rxa7 Kg6 48. Kf2 Kf5 49. Ke3 g6 50. h3 h5 51. g4+ hxg4 52. hxg4+ Kf6 53. Kxe4 Ke6 54. Ra6+ Kxd7 55. Rxg6 Ke7 56. Ke5 Kf7 57. Rf6+ Ke7 58. g5 Ra8 59. Rh6 Ra5+ 60. d5 Ra1 61. Rh7+ Kf8 62. d6 Rd1 63. d7 Kg8 64. Re7 1-0

[Event "Rome op2"]
[Site "Rome"]
[Date "1997.??.??"]
[Round "4"]
[White "Steinfl, Alessandro"]
[Black "Passerotti, Pierluigi"]
[Result "1/2-1/2"]
[WhiteElo "2240"]
[BlackElo "2300"]
[PlyCount "48"]
[EventDate "1997.??.??"]
[EventType "swiss"]
[EventRounds "7"]
[EventCountry "ITA"]
[SourceTitle "EXT 2000"]
[Source "ChessBase"]
[SourceDate "1999.11.16"]
[SourceVersion "1"]
[SourceVersionDate "1999.11.16"]
[SourceQuality "1"]

1. d4 f5 2. Nf3 Nf6 3. g3 e6 4. Bg2 Be7 5. 0-0 0-0 6. c4 d6 7. Nc3 Qe8 8. Re1 d5 9. cxd5 exd5 10. Qb3 c6 11. e4 fxe4 12. Nxe4 Nxe4 13. Rxe4 Qf7 14. Re1 Bd6 15. Ng5 Qc7 16. Bxd5+ cxd5 17. Qxd5+ Kh8 18. Bf4 Bxf4 19. Nf7+ Kg8 20. Nh6+ Kh8 21. Nf7+ Kg8 22. Nd6+ Kh8 23. gxf4 Nc6 24. Nf7+ Kg8 1/2-1/2